Statistics for North American Countries in World Cups

Click here to take the quiz!

General Stats

  • This quiz has been taken 52 times
  • The average score is 10 of 11

Answer Stats

Number of AppearancesAnswer% Correct
17Mexico
100%
11United States of America
100%
2Canada
98%
6Costa Rica
94%
1Cuba
92%
1Jamaica
88%
1Panama
88%
3Honduras
86%
2El Salvador
80%
1Haiti
78%
1Trinidad and Tobago
67%

Score Distribution

Percentile by Number Answered

Percent of People with Each Score

Your Score History

You have not taken this quiz